LEADER 01124nam a2200265 i 4500 001 000000055962 003 CaOOAMICUS 005 20240408092628.0 008 071219s1972 it u000 u ita u 013 $a27134 040 $aSeMil$bita 100 1 $aBriganti, Alessandra.$0(OLS)http://semarc/name/28203 245 13$aIl Parlamento nel romanzo italiano del secondo Ottocento /$cAlessandra Briganti. 260 $aFirenze :$bLe Monnier,$ccopyr. 1972. 300 $a162 p. ;$c21 cm. 490 0 $aSaggi di letteratura italiana ;$v31. 650 4$aParlamento nella letteratura.$0(OLS)http://semarc/subject/55453 650 4$aLetteratura - Saggi.$0(OLS)http://semarc/subject/200 830 0$aSaggi di letteratura italiana ;$v31.$0(OLS)http://semarc/title/8414 850 $aSeMil 852 $aSeMil$W1$xVenegono$y1$m1Q V 64$j22116$B22116$CSeMilBibl$Z2$F22118 $81 961 $aOmaggio: Poma mons. Gianfranco 996 $6245$aIl Parlamento nel romanzo italiano del secondo Ottocento$9(OLS)http://semarc/title/86906 996 $6260$aFirenze :$bLe Monnier$9(OLS)http://semarc/publisher/30060 LEADER 01095nam a2200241 i 4500 001 000000200732 003 CaOOAMICUS 005 20250826141857.0 008 110413s1900 it u000 u mul u 013 $a179433 040 $aSeMil$bita 100 1 $aHurtaud, Jourdain .$0(OLS)http://semarc/name/72553 245 10$aLettres de Savonarole aux princes chrétiens pour la réunion d'un concile :$bétude doctrinale /$cR. P. Jourdain Hurtaud. 260 $aParis :$b[s.n.],$c1900$f(Impr. F. Levé) 300 $a55 p. ;$c23 cm. 500 $aExtrait de la Revue thomiste. 650 4$aSavonarola, Girolamo - Lettere e carteggi.$0(OLS)http://semarc/subject/37685 773 0 $t[Miscellanea politica.$w()24752 850 $aSeMil 852 $aSeMil$W1$xVenegono$y1$m5A II 20/2 FA$j151261$B151261$CSeMilBibl$Z2$F162515 $8I 996 $6245$aLettres de Savonarole aux princes chrétiens pour la réunion d'un concile :$bétude doctrinale$9(OLS)http://semarc/title/290322 996 $6260$aParis :$b[s.n.]$9(OLS)http://semarc/publisher/30519